000
00261nam a2200109Ia 4500
001
1263946
005
20260417141929.0
008
260417s9999 xx 000 0 und d
020
_a
9786255929419
245
0
_a
Korku
_c
Nuri Pakdil
260
_b
Ketebe Yayınları
999
_c
1263946
_d
1263946